000 00713nam a2200193 i 4500
001 60851
003 ES-MaACL
005 20230906164322.0
007 t|
008 031107s1908 sp ||||1| spa d
100 1 _aEstelrich, Juan Luis,
_d1856-1923
_9151748
245 1 0 _aBiblioteca provincial de Cádiz
_b: noticia de su fundación y vicisitudes /
_cJuan Luis Estelrich.
260 _aMadrid :
_b[s.n.],
_c1908 (
_fTip. de la Revista de Archivos, Bibliotecas y Museos)
300 _a64 p. ;
_c24 cm.
500 _aEn port.: "De la Revista de Archivos, Bibliotecas y Museos"
610 2 4 _aBiblioteca Pública Provincial de Cádiz.
_9164686
852 _aES-MaACL
_jT-1188-F-3
999 _c60851
_d60851